00425nam a2200145Ia 4500008004100000041000900041082001500050100002400065245002500089260004000114300000800154650000800162999001700170952009200187230718s9999 xx 000 0 und d aEng. a423bSHU-T aShuttlewalth & Thon 4aThe Macmillen visual aPakistanberford uinverty parc1997 a862 aLaw c28710d28710 00104070aSIRC-LbSIRC-Ld2023-07-18l0o423 SHU-Tp23661r2023-07-18w2023-07-18yBK